Normal view
MARC view
Entry Personal Name
001 - CONTROL NUMBER
- control field: 18218
003 - CONTROL NUMBER IDENTIFIER
- control field: ARRUPE
005 - DATE AND TIME OF LATEST TRANSACTION
- control field: 20150716141946.0
008 - FIXED-LENGTH DATA ELEMENTS
- fixed length control field: 150716|| aca||aabn | a|a d
040 ## - CATALOGING SOURCE
- Original cataloging agency: ARRUPE
- Transcribing agency: ARRUPE
100 ## - HEADING--PERSONAL NAME
- Personal name: Gallagher, Dennis.
670 ## - SOURCE DATA FOUND
- Source citation: Work cat.: (ARRUPE)0: Dufrenne, Mikel. 18212, In the presence of the sensuous :, 1987.